Sports Quiz

Random Sports or NFL Quiz

NFL Starting QBs (Detroit Lions) Quiz Stats

 Plays Quiz Updated Jan 4, 2021

Support Sporcle.
Go Orange.
Score 0/15 Timer 04:00
0 Plays Today
Starts Player % Correct
165Matthew Stafford
94.2%
36Jon Kitna
61.8%
55Joey Harrington
60.2%
10Daunte Culpepper
44%
7Dan Orlovsky
42.5%
10Shaun Hill
39%
34Charlie Batch
37.9%
5Jeff Garcia
31.5%
Starts Player % Correct
4Drew Stanton
29%
5David Blough
27.5%
3Jeff Driskel
21.7%
7Mike McMahon
21%
6Gus Frerotte
16.3%
4Ty Detmer
16.2%
1Stoney Case
13%

From the Vault

NCAA #1 Seed Losses (2000s)

by msreicher

Sports 5m
These #1 seeds never had their shot at the championship.
Remove Ads.
Support Sporcle.
Get the best of Sporcle when you Go Orange. This ad-free experience offers more features, more stats, and more fun while also helping to support Sporcle. Thank you for becoming a member.

Show Comments

Extras

Top Quizzes Today


Score Distribution

Your Account Isn't Verified!

In order to create a playlist on Sporcle, you need to verify the email address you used during registration. Go to your Sporcle Settings to finish the process.

Report this User

Report this user for behavior that violates our Community Guidelines.

Details: